| 000 | 00917nam a22001817a 4500 | ||
|---|---|---|---|
| 020 | _a0071007857 | ||
| 040 | _c0 | ||
| 082 | _a621.38275,KEI | ||
| 100 |
_aKeiser, Gerd _962172 |
||
| 245 |
_aOptical Fiber Communications / _cGerd Keiser |
||
| 250 | _a2nd Edition | ||
| 260 |
_aSingapore _bMcGraw Hill Book _c1991 |
||
| 300 | _axx, 461 p | ||
| 505 | _aOverview of Optical Fiber Communications (Page-1), Optical Fibers Structures, Waveguiding and Fabrication (Page-16), Signal Degradation in Optical Fibers (Page-86), Optical Sources (Page-130), Power Launching and Coupling (Page-196), Photodectors (Page-234), Optical Receiver Operation (Page--267), Digital Transmission Systems (Page-315), Analog Systems (Page-357), Coherent Optical Fiber Communications (Page-376), Advanced Systems and Techniques (Page-399). | ||
| 650 |
_aFiber Communication _9113818 |
||
| 651 |
_aOptical Fiber _9113819 |
||
| 942 |
_2ddc _cBKB |
||
| 999 |
_c595326 _d595326 |
||